1156 1141 1805 1080 1116 1555 1950 1808 1716 1390 1990 1659 1875 1670 1006 1219 1604 1844 1030 1516 1605 1061 1314 1646 1935 1805 1777 1753 1362 1264 1421 1531 1843 1434 1299 1020 1020 1458 1952 1365 1140 1810 1633 1569 1986 1363 1316 1432 1269 1031 1816 1473 1134 1171 1035 1972 1706 1093 1344 1334 1496 1736 1592 1971 1033 1431 1053 1686 1836 1273 1394 1047 1025 1439 1804 1699 1471 1111 1603 1926 1083 1486 1261 1325 1029 1969 1843 1523 1157 1239 1736 1260 1373 1271 1453 1612 1554 1673 1270 BCNSPRNW ULIB Ver.6.0+V

เปลี่ยนเป็นภาษาไทย

Change to English
 แสดงรายละเอียดบรรณานุกรม
  กลับหน้าหลัก

Brief Record : Get Marc (ISO 2709) : E-mail record : QR code < ปิดหน้าต่าง
LEADER : 00000nam 2200000uu 4500
001    13399123772
003     ULIB
008    141126s2554||||th 000 0 tha d
020    ^a9789749511497
050    ^aPE1116.M4^bล511p
100 1  ^aลีออง, ฮิว
245 10 ^aProfessional hospital english for Thailand =
246 30 ^aภาษาอังกฤษสำหรับพนักงานโรงพยาบาล
260    ^aเชียงใหม่ :^bซิลค์เวอร์ม,^c2554.
300    ^a254 หน้า :^bภาพประกอบ ;^c24 ซม.
650  4 ^aภาษาอังกฤษ^xบทสนทนาและวลี
700 0  ^aคิด พงศทัต
945    ^p350^l0^i037264
945    ^p350^l0^i037265
945    ^p350^l0^i037266
945    ^p350^l0^i037267
945    ^p350^l0^i037268
999    ^aเกษร โพธิ์สุวรรณ
รายการนี้ยังไม่มีแท็ก
คุณยังไม่ได้ล็อกอิน คุณสามารถมีกิจกรรมร่วมกับเว็บไซต์ได้ แต่ต้องล็อกอินก่อน ::
  ล็อกอิน

รายการสื่อสารสนเทศ

ลำดับที่ ประเภท เลขเรียก/บาร์โค้ด สถานที่ สถานะ
1. การศึกษาทั่วไป
หนังสือสำรอง
สถานะ=หนังสือสำรอง
PE1116.M4 ล511p ฉ.1 
  Barcode: 037264
ห้องสมุดวิทยาเขตสวรรค์ประชารักษ์
►หนังสือทั่วไป
บนชั้น
2. การศึกษาทั่วไป
การศึกษาทั่วไป
PE1116.M4 ล511p ฉ.2 
  Barcode: 037265
ห้องสมุดวิทยาเขตสวรรค์ประชารักษ์
►หนังสือทั่วไป
บนชั้น
3. การศึกษาทั่วไป
การศึกษาทั่วไป
PE1116.M4 ล511p ฉ.3 
  Barcode: 037266
ห้องสมุดวิทยาเขตสวรรค์ประชารักษ์
►หนังสือทั่วไป
บนชั้น
4. การศึกษาทั่วไป
การศึกษาทั่วไป
PE1116.M4 ล511p ฉ.4 
  Barcode: 037267
ห้องสมุดวิทยาเขตสวรรค์ประชารักษ์
►หนังสือทั่วไป
บนชั้น
5. การศึกษาทั่วไป
การศึกษาทั่วไป
PE1116.M4 ล511p ฉ.5 
  Barcode: 037268
ห้องสมุดวิทยาเขตสวรรค์ประชารักษ์
►หนังสือทั่วไป
บนชั้น

รายการใกล้เคียง
    ชื่อเรื่อง [Professional hospital english for Thailand =]

    ผู้แต่ง [ลีออง, ฮิว]

BibComment


ยังไม่เคยถูกคอมเมนท์

คอมเมนท์ทรัพยากรรายการนี้
  คอมเมนท์: Professional hos..


 Copyright 2026. Bcnsprnw @Library